000 00409nam a2200157 a 4500
005 20140414093841.0
008 071008s19uu xx 00 eng d
050 _aDVD 570
_bGRE
245 _aGreatest discoveries with Bill Nye :
_bearth sciences.
260 _aSl :
_bDiscovery.
300 _a1 videodisk
650 _aEarth sciences.
650 _aEducational video.
942 _cAVM
999 _c109276
_d109276